Beyond Databases, Architectures and Structures : 10th International Conference, BDAS 2014, Ustroń, Poland, May 27-30, 2014 : Proceedings /

Selección de ponencias de la 10a Conferencia Internacional Más allá de las Bases de Datos, Arquitecturas y Estructuras, celebrada en Ustron, Polonia, en mayo de 2014. Los artículos que aquí se presentan abordan diversos tópicos, entre los que destacan la programación de bases de datos, la minería de...

Descripció completa

Guardat en:
Dades bibliogràfiques
Autor corporatiu: International Conference on Beyond Databases, Architectures and Structures ( Ustron, Polonia)
Altres autors: Kozielski, Stanislaw (edición) (edición)
Format: Actes de congresos Llibre
Idioma:anglès
Publicat: Cham, Suiza : Springer, 2014, c2014
Col·lecció:(Communications in Computer and Information Science ; 424)
Matèries:
Accés en línia:Ver documento en línea
Etiquetes: Afegir etiqueta
Sense etiquetes, Sigues el primer a etiquetar aquest registre!

MARC

LEADER 00000nam^a2200000^a^4500
001 000456421
005 20251023000000.0
009 20260310124018.069
020 |a 978-3-319-06932-6 
037 |a Acervo ITESO - Biblioteca 
041 |a ING 
082 |a Libro en línea 
111 |a International Conference on Beyond Databases, Architectures and Structures (  |n 10a :  |d 2014 :  |c Ustron, Polonia) 
245 1 0 |a Beyond Databases, Architectures and Structures :  |b 10th International Conference, BDAS 2014, Ustroń, Poland, May 27-30, 2014 : Proceedings /  |c Ed. de S. Kozielski... [et al.]. 
264 4 |a Cham, Suiza :  |b Springer,  |c 2014, c2014 
264 2 |a Cham, Suiza :  |b Springer Link [distribución],  |c 2014, c2014 
300 |a 1 libro electrónico en línea (XVII, 592 p.) 
300 |a 1 recurso en línea 
336 |a datos para computadora  |b cod  |2 rdacontenido 
337 |a computadora  |b c  |2 rdamedio 
338 |a recurso en línea  |b cr  |2 rdasoporte 
440 1 |a (Communications in Computer and Information Science ;  |v 424) 
506 0 |a Licencias ilimitadas 
520 |a Selección de ponencias de la 10a Conferencia Internacional Más allá de las Bases de Datos, Arquitecturas y Estructuras, celebrada en Ustron, Polonia, en mayo de 2014. Los artículos que aquí se presentan abordan diversos tópicos, entre los que destacan la programación de bases de datos, la minería de datos, los lenguajes de consulta, transacciones y optimización, la seguridad de los sistemas de bases de datos, así como el desarrollo de aplicaciones para la gestión de la información. 
649 |a XX 
650 |a Big Data 
650 |a Almacenamiento de Información (Cómputo) 
650 |a Proceso de Datos 
650 |a Minería de Datos 
650 |a Sistemas de Información 
650 |a Bases de Datos -  |x Seguridad 
650 |a Bases de Datos -  |x Diseño y Construcción -  |x Tema Principal 
650 |a Bases de Datos -  |x Congresos -  |x Tema Principal 
650 |a Información -  |x Administración 
650 |a Informática 
650 |a Ingeniería Computacional 
700 |a Kozielski, Stanislaw  |e (edición) 
856 4 0 |u https://link-springer-com.ezproxy.iteso.mx/book/10.1007/978-3-319-06932-6  |y Ver documento en línea 
910 |a Fondo General 
920 |a Electrónicos - Libros en Línea 
930 |a Plataforma Digital 
905 |a 205 
901 |a 456421-1  |b IT2  |c EBO  |i C  |u 20250521 
902 |a https://opac.biblio.iteso.mx/vufind/Record/000456421